Statistieken voor Iran Trivia Quiz

Klik hier om de quiz te nemen!

Algemene statistieken

  • Deze quiz is 317 keer genomen
  • De gemiddelde score is 10 van 19

Antwoordstatistieken

HintAntwoord% Correct
HoofdstadTeheran
94%
Land waartegen Iran een oorlog heeft gevoerd van 1980-1988Irak
85%
Officiële taalPerzisch (Farsi)
81%
Belangrijkste exportproductOlie
79%
Zee waaraan Iran grenst in het noordenKaspische Zee
75%
Religieuze titel van de persoon hierbovenAyatollah
61%
Leider van de revolutie in 1979Ruhollah Khomeini
60%
Officiële tak van de IslamSjiisme
54%
Titel van de Iraanse heerser die in 1979 ten val werd gebrachtSjah
53%
Iran is het enige niet-Afrikaanse land met een inheemse bevolking van deze grote katJachtluipaard
44%
Straat tussen de Perzische Golf
en de Golf van Oman
Straat van {Hormuz}
44%
"Grote" leiders van het oude PerziëXerxes
40%
Profeet ook wel Zarathustra genoemdZoroaster
37%
"Grote" leiders van het oude PerziëDarius
36%
"Grote" leiders van het oude PerziëCyrus
35%
Nationale sportVrij Worstelen
31%
Valuta van IranRial
30%
Wat die leider de VS noemdeDe Grote {Satan}
28%
Bergketen beginnend met een Z{Zagros}gebergte
25%

Scoreverdeling

Percentiel versus Aantal Correcte Antwoorden

Procent van Mensen met Elke Score

Uw Scoregeschiedenis

U heeft deze quiz nog niet genomen